| 000 | 01484aam a2200337 i 4500 | ||
|---|---|---|---|
| 001 | 768714001 | ||
| 003 | CO-MdFUSB | ||
| 005 | 20210115100153.0 | ||
| 007 | ta | ||
| 008 | 200513t1907 enk |||| |||| 00| 0 eng d | ||
| 020 | _a[No incluye ISBN] | ||
| 040 |
_bspa. _aCO-MdFUSB _cCO-MdFUSB _dCO-MdFUSBC _erda |
||
| 041 | _aeng | ||
| 082 |
_223 _a232.5 _bL192 |
||
| 100 | 1 |
_aLake, Kirsopp _eautor |
|
| 245 | 0 | 4 |
_aThe historical evidence for the resurrection of Jesus Christ _c/ Kirsopp Lake |
| 264 | 1 |
_aLondres : _bWilliams and Norgate, _c[1907] |
|
| 264 | 4 | _c© 1907 | |
| 300 |
_avol. 21 , 291 páginas _c; 19 cm |
||
| 336 |
_atexto _btxt _2rdacontent |
||
| 337 |
_2rdamedia _asin mediación _bn |
||
| 338 |
_2rdacarrier _avolumen _bnc |
||
| 490 | _aCrown theological library. | ||
| 505 | _aLa evidencia histórica para la resurrección de Jesucristo - El relato de la resurrección del Señor dado por San Pablo - La narración de la resurrección en Marcos y los pasajes paralelos sinópticos - Los relatos no Marcan en Mateo y Lucas; los Hechos; las conclusiones espurias de Marcos - La narración de la resurrección en el cuarto evangelio - Las cuentas de la resurrección en los libros apócrifos - La reconstrucción de la tradición primitiva - Los hechos que están detrás de la tradición primitiva | ||
| 563 | _aPasta dura | ||
| 600 | 0 | 7 |
_aJesucristo _xResurrección |
| 650 | 7 |
_9239 _aCristología |
|
| 942 | _cBK | ||
| 945 | _aJTF-925 | ||
| 999 |
_c45821 _d45821 |
||